LEADER 04244nam 2200445 a 450 001 9910793459003321 005 20230511210125.0 010 $a0-585-45766-2 010 $a615-5211-52-3 035 $a(CKB)4100000007803122 035 $a(MiAaPQ)EBC3137266 035 $a(Au-PeEL)EBL3137266 035 $a(CaPaEBR)ebr10235092 035 $a(OCoLC)939263426 035 $a(EXLCZ)994100000007803122 100 $a20020123d2002 uy 0 101 0 $aeng 135 $aurcn||||||||| 181 $ctxt$2rdacontent 182 $cc$2rdamedia 183 $acr$2rdacarrier 200 12$aA history of East European Jews$b[electronic resource] /$fby Heiko Haumann 210 $aBudapest ;$aNew York $cCentral European University Press$d2002 215 $a1 online resource (xvi, 281 pages) 311 $a963-9241-37-7 320 $aIncludes bibliographical references (p. [251]-270) and index. 327 $aMachine generated contents note: PART I. POLAND AS A PLACE OF REFUGE FOR JEWS -- The Polish Princes' Offer of Protection from Persecution -- The Opponents of the Jews -- Economic Success -- Social Structure and Self-administration of the Jews -- Learning and Culture -- The Jews as Intermediaries between Town and Country -- A Golden Age for the Jews in Poland? -- PART II. EAST EUROPEAN JEWRY AS A 'CULTURAL PATTERN OF LIFE' IN EASTERN EUROPE -- The Catastrophe of 1648 -- The Consequences of the Catastrophe -- The Kabbala -- The Messiah in Poland: Shabtai Tsevi and Jacob Frank -- The Popular Piety of Hasidism -- The Origins of the Ostjuden -- The 'Shtetl' -- Contacts between Jews and Non-Jews: Jewish Peddlers and -- Innkeepers -- The Symbiosis Diminishes -- Jews in the Partitions of Poland -- The Reaction of the Jews to the New Political, Intellectual, -- and Religious Conditions -- The Tsarist Empire and the Jews -- East European Jews outside Tsarist Rule -- PART III. THE CRISIS OF THE JEWS IN EASTERN EUROPE A NEW IDENTITY -- Transformation of the Traditional Intermediary Function -- 'Expulsion' and 'Restructuring' -- Luftmenshn -- Transformation of the Occupational Structure and New -- Intermediary Activities -- Competition to Oust Rivals from the Market and Anti- -- Semitism -- Haskala: The Jewish Enlightenment -- Assimilation and Acculturation -- 'Necktied' and 'Kaftaned' Jews -- By Way of an Example: Jews in Warsaw and L6di -- The Jewish Family -- Men and Women in Jewish Society -- Jewish Upbringing -- Everyday Religious Customs -- Synagogue and Community Organizations -- Increasing Conflicts with the Non-Jewish World -- Socialism, Zionism, New Jewish Identity -- Immigration as an Attempt to Find a New Homeland -- A Center of East European Jewry: Galicia and Bukovina -- A Positive Model with Contradictions: Hungary -- Different Attitudes to the Emancipation of the Jews in -- Romania, Serbia, and Bulgaria -- A 'Ritual Murder': The Case of Bohemia and Moravia -- PART IV. ATTEMPTED ANNIHILATION AND NEW HOPE -- The Jews in the Russian Revolution and in the Soviet Union -- East European Jewish Nationality and New Waves of Anti- -- Semitism: The Jews in Poland between the Two World Wars -- A Precarious Situation in Individual East European -- Countries -- The Attempted Extermination of the Jews -- The Jews in Postwar Poland: New Suffering and New Hope -- AFTERWORD: THE SIGNIFICANCE OF MEMORY -- NOTES -- SELECTED BIBLIOGRAPHY -- Bibliographies, Lexicons, and other Aids, Periodicals -- General Overviews and Comprehensive Works -- Bibliography to Part I: Poland as a Place of Refuge for Jews -- Bibliography to Part II: The East European Jewry as a 'New -- Cultural Pattern of Life' in Eastern Europe -- Bibliography to Part III: The Crisis of the Jews in Eastern -- Europe a New Identity -- Bibliography to Part IV: Attempted Annihilation and New Hope. 606 $aJews$zEurope, Eastern$xHistory 607 $aEurope, Eastern$xHistory 607 $aEurope, Eastern$xEthnic relations 615 0$aJews$xHistory. 676 $a947/.004924 700 $aHaumann$b Heiko$f1945-$01468158 801 0$bMiAaPQ 801 1$bMiAaPQ 801 2$bMiAaPQ 906 $aBOOK 912 $a9910793459003321 996 $aA history of East European Jews$93679151 997 $aUNINA LEADER 03945nam 2200685 a 450 001 9910786121103321 005 20230803025659.0 010 $a0-8047-8620-8 024 7 $a10.1515/9780804786201 035 $a(CKB)2670000000340186 035 $a(EBL)1157359 035 $a(OCoLC)831115248 035 $a(SSID)ssj0000856345 035 $a(PQKBManifestationID)12458838 035 $a(PQKBTitleCode)TC0000856345 035 $a(PQKBWorkID)10817861 035 $a(PQKB)10715333 035 $a(StDuBDS)EDZ0000886856 035 $a(MiAaPQ)EBC1157359 035 $a(DE-B1597)563753 035 $a(DE-B1597)9780804786201 035 $a(Au-PeEL)EBL1157359 035 $a(CaPaEBR)ebr10676840 035 $a(OCoLC)1178770204 035 $a(EXLCZ)992670000000340186 100 $a20121015d2013 uy 0 101 0 $aeng 135 $aur|n|---||||| 181 $ctxt 182 $cc 183 $acr 200 12$aA Jewish life on three continents$b[electronic resource] $ethe memoir of Menachem Mendel Frieden /$ftranslated, edited, and annotated, and with introductions and an afterword by Lee Shai Weissbach 210 $aStanford, Calif. $cStanford University Press$dc2013 215 $a1 online resource (517 p.) 225 1 $aStanford studies in Jewish history and culture 300 $aDescription based upon print version of record. 311 $a0-8047-8363-2 320 $aIncludes bibliographical references and index. 327 $aMenachem Mendel Frieden's apologia -- My father's family -- My mother's family -- My father's house -- Me and my youth -- My entry into heder -- On my way through yeshivot -- Passover and the holiday cycle -- More yeshiva studies -- I study with rabbis -- Matchmakers and marriage -- America -- I found the best woman -- My journey to the land of Israel and my early activities there -- The work of Americans in the land of Israel and my role in it -- More on life in the land of Israel -- Travels, the era of World War II, and illness -- A second trip to the United States -- Afterword : Menachem Mendel Frieden's journal and his life after 1947. 330 $aThis remarkable memoir by Menachem Mendel Frieden illuminates Jewish experience in all three of the most significant centers of Jewish life during the late nineteenth and early twentieth centuries. It chronicles Frieden's early years in Eastern Europe, his subsequent migration to the United States, and, finally, his settlement in Palestine in 1921. The memoir appears here translated from its original Hebrew, edited and annotated by Frieden's grandson, the historian Lee Shai Weissbach. Frieden's story provides a window onto Jewish life in an era that saw the encroachment of modern ideas into a traditional society, great streams of migration, and the project of Jewish nation building in Palestine. The memoir follows Frieden's student life in the yeshivas of Eastern Europe, the practices of peddlers in the American South, and the complexities of British policy in Palestine between the two World Wars. This first-hand account calls attention to some often ignored aspects of the modern Jewish experience and provides invaluable insight into the history of the time. 410 0$aStanford studies in Jewish history and culture. 606 $aJews$zLithuania$vBiography 606 $aJews, Lithuanian$zUnited States$vBiography 606 $aJews, Lithuanian$zIsrael$vBiography 606 $aZionists$zIsrael$vBiography 615 0$aJews 615 0$aJews, Lithuanian 615 0$aJews, Lithuanian 615 0$aZionists 676 $a320.54095694092 676 $aB 700 $aFrieden$b Menachem Mendel$f1878-1963.$01559887 701 $aWeissbach$b Lee Shai$f1947-$01485467 801 0$bMiAaPQ 801 1$bMiAaPQ 801 2$bMiAaPQ 906 $aBOOK 912 $a9910786121103321 996 $aA Jewish life on three continents$93825437 997 $aUNINA